000 00642nam a2200229Ia 4500
003 OSt
005 20221007080524.0
006 a|||||r|||| 00| 0
007 ta
008 221006b |||||||| |||| 00| 0 eng d
024 _a18,237
037 _cReference Collections
040 _aFLL
_cFLL
_beng
041 _2eng
_aeng
082 _aX:9B.2.N, N4
100 _aKulshreshtha J.C. Au.
_9694977
245 0 _aIndian child labour
260 _aNew Delhi
_bUppal publishing house India
_c1994
300 _a239p
_ccm.
942 _hX:9B.2.N, N4
_cREF
_2CC
999 _c1159950
_d1159950